| 000 | 00815nam a2200277Ia 4500 | ||
|---|---|---|---|
| 003 | OSt | ||
| 005 | 20220924115806.0 | ||
| 006 | a|||||r|||| 00| 0 | ||
| 007 | ta | ||
| 008 | 220923b |||||||| |||| 00| 0 urd d | ||
| 020 | _a9789350731987 (hbk) | ||
| 020 | _c150 | ||
| 024 | _a285375 | ||
| 037 |
_b4308, 19/11/2014, Kitabi Duniya _cTextual |
||
| 040 |
_aARTS _cARTS _burd |
||
| 041 |
_2urd _aurd |
||
| 082 | _aO168,3x:g, Q3 | ||
| 100 |
_aRizvi Abu Bakar _9179604 |
||
| 245 | 0 | _aUrdu afsane mein mohmaliat | |
| 260 |
_aDelhi _bEducational Publishing House India _c2013 |
||
| 300 |
_a152p. _ccm. |
||
| 650 |
_a URDU FICTION _93298 |
||
| 650 | _aURDU LITERATURE | ||
| 942 |
_hO168,3x:g, Q3 _cTEXL _2CC |
||
| 999 |
_c399909 _d399909 |
||